| 000 | 00421cam a22001337a 4500 | ||
|---|---|---|---|
| 008 | 180718b1968 xxu||||| |||| 00| 0 eng d | ||
| 082 | _aR95x42 M199 | ||
| 100 | _aMcKenzie, Robert | ||
| 245 |
_aAngles in marble: working class conservatives in urban England _cby Robert McKenzie and Allan Silver |
||
| 260 |
_aLondon _bHeinemann _c1968 |
||
| 300 | _a295p. | ||
| 650 | _aLabour and Politics - U.K. | ||
| 700 | _aSilver, Allen | ||
| 999 |
_c373086 _d373086 |
||